Statistics for Norges statsministre 1935 - 2019

Click here to take the quiz!

General Stats

  • This quiz has been taken 7 times
  • The average score is 18 of 22

Answer Stats

PeriodeSvar% Correct
2013 -Erna Solberg
100%
2000 - 2001 | 2005 - 2013Jens Stoltenberg
100%
1997 - 2000 | 2001 - 2005Kjell Magne Bondevik
100%
1981 - 1981 | 1986 - 1989 | 1990 - 1996Gro Harlem Brundtland
100%
1981 - 1986Kåre Willoch
100%
1945 - 1951 | 1955 - 1963 | 1963 - 1965Einar Gerhardsen
100%
1996 - 1997Torbjørn Jagland
67%
1989 - 1990Jan P. Syse
67%
1971 - 1972 | 1973 - 1976Trygve Bratteli
67%
1972 - 1973Lars Korvald
67%
1965 - 1971Per Borten
67%
1935 - 1945Johan Nygaardsvold
67%
1976 - 1981Odvar Nordli
33%
1963 - 1963John Lyng
33%
1951 - 1955Oscar Torp
33%

Score Distribution

Percentile by Number Answered

Percent of People with Each Score

Your Score History

You have not taken this quiz